Vista normal Vista MARC

Entrada Topical Term

Número de registros utilizados en: 2

001 - CONTROL NUMBER

  • control field: 3826

003 - CONTROL NUMBER IDENTIFIER

  • control field: OSt

005 - DATE AND TIME OF LATEST TRANSACTION

  • control field: 20200430154154.0

008 - FIXED-LENGTH DATA ELEMENTS

  • fixed length control field: 200430|| aca||aabn | a|a d

040 ## - CATALOGING SOURCE

  • Original cataloging agency: OSt
  • Transcribing agency: OSt

150 ## - HEADING--TOPICAL TERM

  • Topical term or geographic name entry element: Grupos vulnerables

670 ## - SOURCE DATA FOUND

  • Source citation: Work cat.: (OSt)5030: Patiño, Carlos Arturo, autor 3825, Pobreza y desarrollo en Colombia :, 1988